| 000 | 01018cam a2200217 4500 | ||
|---|---|---|---|
| 001 | WB3830-05 | ||
| 008 | 020813n2002 000 0 eng u | ||
| 035 | _a(Sirsi) u119321 | ||
| 245 | _aFSA's new mortgage proposals | ||
| 260 | _c2002 | ||
| 490 |
_aFinancial Services Authority Press Release _v(084) 12 August 2002, (2) |
||
| 520 | _aThe regulation of mortgage sales is on the agenda as the Financial Services Authority consults on proposals for regulating mortgage sales following the Treasury's decision to extend the FSA's powers to include mortgage advice. Mortgages covered include those taken out by an individual trustee but the regime does not cover second charge loans. For FSA News Release: http://www.fsa.gov.uk/pubs/press/2002/084.html | ||
| 590 | _aWB | ||
| 650 | _aFINANCIAL SERVICES AUTHORITY | ||
| 650 | _aMORTGAGES | ||
| 650 | _aPROPERTY PURCHASE | ||
| 650 | _aSECOND CHARGE LOAN | ||
| 650 | _aCREDIT CARDS | ||
| 690 | _aMANAGEMENT-BUSINESS MANAGEMENT-FINANCIAL MANAGEMENT | ||
| 942 | _n0 | ||
| 999 |
_c70943 _d70943 |
||